NBA Top 5 NBA Blocks Every Year Since 2000 - Statistics

General Stats
  • This quiz has been taken 22 times
    9 since last reset
  • The average score is 69 of 135
Answer Stats
Year Team Player % Correct
2026: 2 Thunder Chet Holmgren
100%
2024: 5 Thunder Chet Holmgren
100%
2025: 3 Pacers Myles Turner
100%
2023: 5 Pacers Myles Turner
100%
2021: 1 Pacers Myles Turner
100%
2020: 4 Pacers Myles Turner
100%
2019: 1 Pacers Myles Turner
100%
2018: 3 Pacers Myles Turner
100%
2017: 3 Pacers Myles Turner
100%
2026: 1 Spurs Victor Wembanyama
100%
2025: 1 Spurs Victor Wembanyama
100%
2024: 1 Spurs Victor Wembanyama
100%
2026: 4 Cavaliers Evan Mobley
88%
2005: 5 Pistons Ben Wallace
75%
2004: 2 Pistons Ben Wallace
75%
2003: 3 Pistons Ben Wallace
75%
2002: 1 Pistons Ben Wallace
75%
2013: 5 Lakers Dwight Howard
75%
2012: 3 Magic Dwight Howard
75%
2011: 4 Magic Dwight Howard
75%
2010: 1 Magic Dwight Howard
75%
2009: 1 Magic Dwight Howard
75%
2008: 5 Magic Dwight Howard
75%
2022: 4 Knicks Mitchell Robinson
75%
2019: 2 Knicks Mitchell Robinson
75%
2024: 4 Lakers Anthony Davis
63%
2020: 3 Lakers Anthony Davis
63%
2018: 1 Pelicans Anthony Davis
63%
2017: 2 Pelicans Anthony Davis
63%
2016: 4 Pelicans Anthony Davis
63%
2015: 1 Pelicans Anthony Davis
63%
2014: 1 Pelicans Anthony Davis
63%
2025: 4 Bucks Brook Lopez
63%
2024: 3 Bucks Brook Lopez
63%
2023: 3 Bucks Brook Lopez
63%
2020: 2 Bucks Brook Lopez
63%
2019: 4 Bucks Brook Lopez
63%
2009: 4 Nets Brook Lopez
63%
2016: 2 Clippers DeAndre Jordan
63%
2015: 4 Clippers DeAndre Jordan
63%
2014: 3 Clippers DeAndre Jordan
63%
2012: 4 Clippers DeAndre Jordan
63%
2016: 5 Bulls Pau Gasol
63%
2022: 2 Celtics Robert Williams
63%
2022: 3 Timberwolves Rudy Gobert
63%
2021: 2 Jazz Rudy Gobert
63%
2019: 3 Jazz Rudy Gobert
63%
2017: 1 Jazz Rudy Gobert
63%
2016: 3 Jazz Rudy Gobert
63%
2015: 3 Jazz Rudy Gobert
63%
2001: 4 Lakers Shaquille O'Neal
63%
2000: 3 Lakers Shaquille O'Neal
63%
2006: 3 Heat Alonzo Mourning
50%
2002: 3 Heat Alonzo Mourning
50%
2000: 1 Heat Alonzo Mourning
50%
2021: 4 Hawks Clint Capela
50%
2018: 2 Rockets Clint Capela
50%
2002: 5 76ers Dikembe Mutombo
50%
2001: 5 Hawks/76ers Dikembe Mutombo
50%
2000: 2 Hawks Dikembe Mutombo
50%
2026: 5 Trail Blazers Donovan Clingan
50%
2025: 5 Trail Blazers Donovan Clingan
50%
2023: 1 Grizzlies Jaren Jackson Jr.
50%
2022: 1 Grizzlies Jaren Jackson Jr.
50%
2010: 3 Hawks Josh Smith
50%
2008: 2 Hawks Josh Smith
50%
2007: 2 Hawks Josh Smith
50%
2006: 4 Hawks Josh Smith
50%
2020: 5 Mavericks Kristaps Porziņģis
50%
2017: 5 Knicks Kristaps Porziņģis
50%
2010: 5 Clippers Marcus Camby
50%
2009: 3 Nuggets Marcus Camby
50%
2008: 1 Nuggets Marcus Camby
50%
2007: 1 Nuggets Marcus Camby
50%
2006: 1 Nuggets Marcus Camby
50%
2005: 2 Nuggets Marcus Camby
50%
2004: 5 Nuggets Marcus Camby
50%
2015: 2 Thunder Serge Ibaka
50%
2014: 2 Thunder Serge Ibaka
50%
2013: 1 Thunder Serge Ibaka
50%
2012: 1 Thunder Serge Ibaka
50%
2011: 3 Thunder Serge Ibaka
50%
2014: 5 Spurs Tim Duncan
50%
2013: 3 Spurs Tim Duncan
50%
2007: 5 Spurs Tim Duncan
50%
2005: 3 Spurs Tim Duncan
50%
2004: 4 Spurs Tim Duncan
50%
2003: 2 Spurs Tim Duncan
50%
2002: 4 Spurs Tim Duncan
50%
2025: 2 Jazz Walker Kessler
50%
2024: 2 Jazz Walker Kessler
50%
2023: 4 Jazz Walker Kessler
50%
2006: 2 Jazz Andrei Kirilenko
38%
2005: 1 Jazz Andrei Kirilenko
38%
2004: 3 Jazz Andrei Kirilenko
38%
2011: 1 Bucks Andrew Bogut
38%
2010: 2 Bucks Andrew Bogut
38%
2007: 4 Bobcats Emeka Okafor
38%
2020: 1 Trail Blazers Hassan Whiteside
38%
2017: 4 Heat Hassan Whiteside
38%
2016: 1 Heat Hassan Whiteside
38%
2009: 5 Raptors Jermaine O'Neal
38%
2007: 3 Pacers Jermaine O'Neal
38%
2001: 2 Pacers Jermaine O'Neal
38%
2018: 4 76ers Joel Embiid
38%
2023: 2 Nets Nic Claxton
38%
2008: 3 Clippers Chris Kaman
25%
2022: 5 Spurs Jakob Poeltl
25%
2019: 5 Lakers JaVale McGee
25%
2012: 2 Wizards/Nuggets JaVale McGee
25%
2011: 2 Wizards JaVale McGee
25%
2026: 3 Pacers Jay Huff
25%
2018: 5 Warriors Kevin Durant
25%
2013: 2 Bucks Larry Sanders
25%
2014: 4 Pacers Roy Hibbert
25%
2013: 4 Pacers Roy Hibbert
25%
2012: 5 Pacers Roy Hibbert
25%
2005: 4 Trail Blazers Theo Ratliff
25%
2004: 1 Hawks/Trail Blazers Theo Ratliff
25%
2003: 1 Hawks Theo Ratliff
25%
2001: 1 76ers Theo Ratliff
25%
2000: 4 76ers Theo Ratliff
25%
2021: 5 Raptors Chris Boucher
13%
2006: 5 Clippers Elton Brand
13%
2003: 4 Clippers Elton Brand
13%
2015: 5 Bucks John Henson
13%
2008: 4 76ers Samuel Dalembert
13%
2001: 3 Mavericks Shawn Bradley
13%
2000: 5 Mavericks Shawn Bradley
13%
2003: 5 Warriors Adonal Foyle
0%
2010: 4 Wizards/Mavericks Brendan Haywood
0%
2009: 2 Nuggets Chris Andersen
0%
2011: 5 Timberwolves Darko Miličić
0%
2021: 3 Knicks Nerlens Noel
0%
2002: 2 Nuggets/Mavericks Raef LaFrentz
0%
No matching quizzes found
Score Distribution
Percent of People with Each Score
Percentile by Number Answered
Your Score History
You have not taken this quiz since the last reset